Chartered Institute of Management Accountants (Record no. 119942)

MARC details
000 -LEADER
fixed length control field 00793cam a2200193 4500
001 - CONTROL NUMBER
control field WS115368
008 - FIXED-LENGTH DATA ELEMENTS--GENERAL INFORMATION
fixed length control field 011029n 000 0 eng u
035 ## - SYSTEM CONTROL NUMBER
System control number (Sirsi) u115368
110 ## - MAIN ENTRY--CORPORATE NAME
Corporate name or jurisdiction name as entry element Chartered Institute of Management Accountants
9 (RLIN) 525
245 ## - TITLE STATEMENT
Title Chartered Institute of Management Accountants
520 ## - SUMMARY, ETC.
Summary, etc. Web site for this organisation for management accountants including pages on professional standards, business resources and an archive of articles from their journal 'Financial Management'.
650 ## - SUBJECT ADDED ENTRY--TOPICAL TERM
Topical term or geographic name entry element ORGANISATION
650 ## - SUBJECT ADDED ENTRY--TOPICAL TERM
Topical term or geographic name entry element MANAGEMENT ACCOUNTANTS
650 ## - SUBJECT ADDED ENTRY--TOPICAL TERM
Topical term or geographic name entry element Management consultancy
9 (RLIN) 6255
650 ## - SUBJECT ADDED ENTRY--TOPICAL TERM
Topical term or geographic name entry element STANDARDS
690 ## - LOCAL SUBJECT ADDED ENTRY--TOPICAL TERM (OCLC, RLIN)
Topical term or geographic name as entry element MANAGEMENT-BUSINESS MANAGEMENT
856 40 - ELECTRONIC LOCATION AND ACCESS
Uniform Resource Identifier <a href="https://www.cima.org.uk">https://www.cima.org.uk</a>
Public note View the website free of charge at www.cima.org.uk...
942 ## - ADDED ENTRY ELEMENTS (KOHA)
Suppress in OPAC 0
Holdings
Withdrawn status Lost status Source of classification or shelving scheme Damaged status Not for loan Home library Current library Shelving location Date acquired Total Checkouts Full call number Barcode Date last seen Copy number Price effective from Koha item type
    Dewey Decimal Classification     Virtual Virtual Online 29/10/2001   WEB SITE 115368-2001 06/08/2019 1 06/08/2019 Online material